000 00613nam a2200241Ia 4500
003 OSt
005 20221006141907.0
006 a|||||r|||| 00| 0
007 ta
008 221006b |||||||| |||| 00| 0 eng d
020 _c
_5.00
024 _a4,586
037 _cTextual
040 _aEASL
_cEASL
_beng
041 _2eng
_aeng
082 _aV41:594x1,1, K3
100 _aGRIFFITH Samuel B
245 0 _aArt of war
260 _aNew York
_bOxford Univ. Press
_c1963
300 _a197p.
_ccm.
942 _hV41:594x1,1, K3
_cTEXL
_2CC
999 _c1072672
_d1072672